Globalización, ciudadanía y política social en América Latina: tensiones y contradicciones /
Kaydedildi:
| Yazar: | |
|---|---|
| Diğer Yazarlar: | |
| Materyal Türü: | Metin |
| Baskı/Yayın Bilgisi: |
Caracas:
Nueva Sociedad
|
| Konular: | |
| Etiketler: |
Etiketle
Etiket eklenmemiş, İlk siz ekleyin!
|
MARC
| LEADER | 00000 a a2200000 04500 | ||
|---|---|---|---|
| 001 | 31395 | ||
| 003 | |||
| 040 | |a CRAI/IIS |c CRAI/IIS | ||
| 020 | |a 980-317-129-1 | ||
| 090 | |a 198304 | ||
| 100 | |a Pérez Baltodano | ||
| 245 | |a Globalización, ciudadanía y política social en América Latina: tensiones y contradicciones / |c Baltodano Pérez | ||
| 260 | |a Caracas: |b Nueva Sociedad | ||
| 300 | |a 224 p. | ||
| 650 | |a POBREZA | ||
| 650 | |a INGRESO | ||
| 650 | |a EXCLUSION SOCIAL | ||
| 650 | |a BIENESTAR SOCIAL | ||
| 650 | |a POLITICAS SOCIALES | ||
| 650 | |a AMERICA LATINA | ||
| 700 | |a ed | ||
| 999 | |c 631 |d 631 | ||



